000 00665cam a2200193 4500
008 130417n 000 0 eng u
020 _a9780781791304
035 _a(Sirsi) a178704
050 _aRT 41 BRU 2007
245 _aBrunner and Suddarth's textbook of medical surgical nursing/
_cby Rene A. Day... [et. al]
260 _aPhiladelphia:
_bLippincott Williams and Wilkins,
_c2007.
300 _axxxiv, 2252p.:
_bill.
500 _aIncludes CD Rom and online access code instructions
504 _aIncludes bibliographical references and index
650 _aNursing
650 _aNursing Process
650 _aSurgical nursing
700 _aDay, Rene A.
999 _c49676
_d49676